Statistics for ANIMAL Pictures 1

Click here to take the quiz!

General Stats

  • This quiz has been taken 416 times
    (405 since last reset)
  • The average score is 13 of 20

Answer Stats

Answer % Correct
Horse
96%
Goose
93%
Gorilla
93%
Goat
90%
Chipmunk
84%
Scorpion
83%
Human
75%
Barn Owl
74%
Leech
72%
Dung Beetle
63%
Goanna
63%
Python
60%
Giant Anteater
60%
Highland Cattle
59%
Sparrow
55%
Blackbird
51%
Springbok Antelope
51%
Wolverine
35%
Gnu
31%
Pike
23%

Score Distribution

Percentile by Number Answered

Percent of People with Each Score

Your Score History

You have not taken this quiz since the last reset